The interpretation of statutes and General clauses acts (central and states) with words and phrases, (Record no. 65129)
[ view plain ]
| 000 -LEADER | |
|---|---|
| fixed length control field | 00853cam a22002651 4500 |
| 001 - CONTROL NUMBER | |
| control field | sa 65007225 |
| 003 - CONTROL NUMBER IDENTIFIER | |
| control field | DLC |
| 005 - DATE AND TIME OF LATEST TRANSACTION | |
| control field | 20260227112148.0 |
| 008 - FIXED-LENGTH DATA ELEMENTS--GENERAL INFORMATION | |
| fixed length control field | 830502s1965 ii 000 0 eng |
| 010 ## - LIBRARY OF CONGRESS CONTROL NUMBER | |
| LC control number | sa 65007225 |
| 035 ## - SYSTEM CONTROL NUMBER | |
| System control number | (OCoLC)9467951 |
| 040 ## - CATALOGING SOURCE | |
| Original cataloging agency | DLC |
| Transcribing agency | ViU-L |
| Modifying agency | ViU-L |
| -- | OCoLC |
| -- | DLC |
| 042 ## - AUTHENTICATION CODE | |
| Authentication code | premarc |
| 043 ## - GEOGRAPHIC AREA CODE | |
| Geographic area code | a-ii--- |
| 050 00 - LIBRARY OF CONGRESS CALL NUMBER | |
| Classification number | KNS451 |
| Item number | .B56 1965 |
| 100 1# - MAIN ENTRY--PERSONAL NAME | |
| Personal name | Bindra, Narotam Singh. |
| 245 14 - TITLE STATEMENT | |
| Title | The interpretation of statutes and General clauses acts (central and states) with words and phrases, |
| Statement of responsibility, etc. | by N. S. Bindra. |
| 250 ## - EDITION STATEMENT | |
| Edition statement | 4th ed. |
| 260 ## - PUBLICATION, DISTRIBUTION, ETC. | |
| Place of publication, distribution, etc. | Allahabad, |
| Name of publisher, distributor, etc. | Law Book Co., |
| Date of publication, distribution, etc. | 1965. |
| 300 ## - PHYSICAL DESCRIPTION | |
| Extent | cxi, 1175 p. |
| Dimensions | 25 cm. |
| 500 ## - GENERAL NOTE | |
| General note | Includes legislation. |
| 650 #0 - SUBJECT ADDED ENTRY--TOPICAL TERM | |
| Topical term or geographic name entry element | Law |
| Geographic subdivision | India |
| General subdivision | Interpretation and construction. |
| 650 #0 - SUBJECT ADDED ENTRY--TOPICAL TERM | |
| Topical term or geographic name entry element | Law |
| Geographic subdivision | India |
| General subdivision | States |
| -- | Interpretation and construction. |
| 710 12 - ADDED ENTRY--CORPORATE NAME | |
| Corporate name or jurisdiction name as entry element | India. |
| Title of a work | Laws, etc. |
No items available.